Tilastot visalle 20 satunnaista peräkkäistä valtiota maailmankartalla

Klikkaa tästä pelataksesi tätä visaa!

Yleistilastot

  • Tätä visaa on pelattu 5 950 kertaa
  • Keskiarvotulos 10 / 20

Vastaukset kartalla

Vastauksille on annettu kartalla punavihreä väri sen mukaan, kuinka moni on saanut sen oikein.
 

Vastaustilastot

Valtio% Oikein
Espanja
74%
Uusi-Seelanti
73%
Japani
71%
Norja
71%
Liettua
70%
Venäjä
70%
Kanada
69%
Turkki
69%
Kamerun
67%
Malta
66%
Pakistan
66%
Vietnam
66%
Albania
65%
Bangladesh
65%
Sveitsi
65%
Tanska
65%
Turkmenistan
65%
Ukraina
65%
Kiina
64%
Madagaskar
64%
Peru
64%
Ruotsi
64%
Suomi
64%
Kuuba
63%
Puola
63%
Saksa
63%
Angola
62%
Djibouti
62%
Itävalta
62%
Liechtenstein
62%
Mongolia
62%
Etiopia
61%
Mikronesia
61%
Taiwan
61%
Argentiina
60%
Bhutan
60%
Burundi
60%
Irak
60%
Islanti
60%
Kongon demokraattinen tasavalta
60%
Slovakia
60%
Tuvalu
60%
Brasilia
59%
Chile
59%
Intia
59%
Iran
59%
Kosovo
59%
Kroatia
59%
Tunisia
59%
Uruguay
59%
Valko-Venäjä
59%
Belgia
58%
Malesia
58%
Marokko
58%
Mauritius
58%
Nepal
58%
Oman
58%
Togo
58%
Bahama
57%
Etelä-Afrikka
57%
Luxemburg
57%
Mauritania
57%
Myanmar
57%
Pohjois-Korea
57%
Australia
56%
Egypti
56%
Israel
56%
Libanon
56%
Mosambik
56%
Pohjois-Makedonia
56%
Sri Lanka
56%
Tšekki
56%
Zimbabwe
56%
Andorra
55%
Filippiinit
55%
Kambodža
55%
Kirgisia
55%
Lesotho
55%
Montenegro
55%
Unkari
55%
Benin
54%
Mali
54%
Ranska
54%
Sambia
54%
San Marino
54%
Somalia
54%
Algeria
53%
Etelä-Korea
53%
Georgia
53%
Kap Verde
53%
Moldova
53%
Namibia
53%
Salomonsaaret
53%
Slovenia
53%
Sudan
53%
Yhdistynyt kuningaskunta
53%
Itä-Timor
52%
Jemen
52%
Jordania
52%
Nicaragua
52%
Sierra Leone
52%
Thaimaa
52%
Yhdysvallat
52%
Botswana
51%
Bulgaria
51%
Haiti
51%
Honduras
51%
Tansania
51%
Azerbaidžan
50%
Italia
50%
Kongon tasavalta
50%
Marshallinsaaret
50%
Armenia
49%
Barbados
49%
Brunei
49%
Eritrea
49%
Indonesia
49%
Latvia
49%
Malediivit
49%
Niger
49%
Qatar
49%
São Tomé ja Príncipe
49%
Senegal
49%
Singapore
49%
Bolivia
48%
Bosnia ja Hertsegovina
48%
Irlanti
48%
Libya
48%
Malawi
48%
Tadžikistan
48%
Tšad
48%
Vatikaanivaltio
48%
Afganistan
47%
Kazakstan
47%
Kiribati
47%
Kypros
47%
Nauru
47%
Paraguay
47%
Samoa
47%
Saudi-Arabia
47%
Seychellit
47%
Ecuador
46%
Gambia
46%
Guatemala
46%
Guyana
46%
Nigeria
46%
Serbia
46%
El Salvador
45%
Norsunluurannikko
45%
Palau
45%
Papua-Uusi-Guinea
45%
Syyria
45%
Viro
45%
Yhdistyneet arabiemiirikunnat
45%
Alankomaat
44%
Antigua ja Barbuda
44%
Belize
44%
Ghana
44%
Guinea-Bissau
44%
Kolumbia
43%
Kreikka
43%
Panama
43%
Portugali
43%
Uganda
43%
Dominica
42%
Meksiko
42%
Venezuela
42%
Burkina Faso
41%
Etelä-Sudan
41%
Gabon
41%
Guinea
41%
Keski-Afrikan tasavalta
41%
Monaco
41%
Saint Lucia
41%
Saint Vincent ja Grenadiinit
41%
Tonga
41%
Päiväntasaajan Guinea
40%
Swazimaa
40%
Kuwait
39%
Uzbekistan
39%
Costa Rica
38%
Jamaika
38%
Kenia
38%
Komorit
38%
Romania
38%
Suriname
38%
Trinidad ja Tobago
38%
Fidži
37%
Laos
37%
Bahrain
36%
Vanuatu
35%
Ruanda
34%
Liberia
31%
Saint Kitts ja Nevis
31%
Dominikaaninen tasavalta
30%
Grenada
22%

Tulosjakauma

Persentiili vastausten määrän mukaan

Jokaisen tuloksen saaneiden osuus

Tuloshistoriasi

Et ole pelannut tätä visaa